000 00329 a2200145 4500
001 152559
040 _cEscola São Tomás de Aquino
100 _aBRASILEIRO, Juca
240 1 0 _aDescobrindo o Brasil
_lpor
245 1 0 _aDescobrindo o Brasil
362 0 _a2012
440 1 _aMelhoramentos
697 _aCIÊNCIAS
942 _cBK
999 _c152559
_d152559